Managerial Finance / Ninth Edition (Record no. 844)
[ view plain ]
| 000 -LEADER | |
|---|---|
| fixed length control field | 02105cam a22002294a 4500 |
| 005 - ΗΜΕΡΟΜΗΝΙΑ ΚΑΙ ΩΡΑ ΤΕΛΕΥΤΑΙΑΣ ΕΝΗΜΕΡΩΣΗΣ | |
| Πεδίο ελέγχου | 20250605163947.0 |
| 008 - FIXED-LENGTH DATA ELEMENTS--GENERAL INFORMATION | |
| Πεδίο ελέγχου σταθερού μήκους | 250528s ||||||||||||||||||||||||d |
| 035 ## - SYSTEM CONTROL NUMBER | |
| System control number | 15251 |
| 020 ## - ISBN | |
| ISBN | 30558832 |
| 040 ## - ΠΗΓΗ ΚΑΤΑΛΟΓΟΓΡΑΦΗΣΗΣ | |
| Φορέας πρωτότυπης καταλογογράφησης | MC Athens Campus Library |
| Γλώσσα καταλογογράφησης | Ελληνικά, Μοντέρνα (1453-) |
| Modifying agency | MC Athens Campus Library |
| Κανόνες περιγραφικής καταλογογράφησης | AACR2 |
| 245 1# - ΤΙΤΛΟΣ ΚΑΙ ΔΗΛΩΣΗ ΥΠΕΥΘΥΝΟΤΗΤΑΣ | |
| Τίτλος | Managerial Finance / Ninth Edition |
| 250 ## - EDITION STATEMENT | |
| Edition statement | 9th |
| 260 ## - PUBLICATION, DISTRIBUTION, ETC. | |
| Name of publisher, distributor, etc. | The Dryden Press, |
| Date of publication, distribution, etc. | 1992 |
| 300 ## - PHYSICAL DESCRIPTION | |
| Extent | 1226 |
| 505 0# - FORMATTED CONTENTS NOTE | |
| Formatted contents note | Fundamental Concepts of Managerial Finance, The Nature of Finance, Decisions Across Time, The Environment for Financial Decisions, Business Organization and Taxes, Depreciation Methods, Basic Financial Planning and Investment, Financial Analysis, The Normal Distribution, Decision Making under Uncertainty, Risk and Return: Theory, Options on Risky Assets, Managing Financial Risk, Risk and Valuation, Financial Structure and the Cost of Capital, The State-Preference Model, Dividend Policy, Financial Strategies for Working Management, Short-Term Financial Management, The Treasurer's Long-Range Financial Strategies, Common Stock Financing, Lease Financing, Warrants and Convertibles, Dynamic Strategies for Increasing Value, Financial Distress, Appendices, Author and Subject Index. |
| 520 ## - SUMMARY, ETC. | |
| Summary, etc. | Fundamental Concepts of Managerial Finance, The Nature of Finance, Decisions Across Time, The Environment for Financial Decisions, Business Organization and Taxes, Depreciation Methods, Basic Financial Planning and Investment, Financial Analysis, The Normal Distribution, Decision Making under Uncertainty, Risk and Return: Theory, Options on Risky Assets, Managing Financial Risk, Risk and Valuation, Financial Structure and the Cost of Capital, The State-Preference Model, Dividend Policy, Financial Strategies for Working Management, Short-Term Financial Management, The Treasurer's Long-Range Financial Strategies, Common Stock Financing, Lease Financing, Warrants and Convertibles, Dynamic Strategies for Increasing Value, Financial Distress, Appendices, Author and Subject Index. |
| 700 1# - ΠΡΟΣΘΕΤΗ ΑΝΑΓΡΑΦΗ--ΦΥΣΙΚΟ ΠΡΟΣΩΠΟ | |
| Personal name | Copeland Thomas E |
| 9 (RLIN) | 1095 |
| 700 1# - ΠΡΟΣΘΕΤΗ ΑΝΑΓΡΑΦΗ--ΦΥΣΙΚΟ ΠΡΟΣΩΠΟ | |
| Personal name | Fred Weston J |
| 9 (RLIN) | 1096 |
| 942 ## - ADDED ENTRY ELEMENTS (KOHA) | |
| Koha item type | Books |
| Τύπος τεκμηρίου | Βιβλιοθήκη | Τρέχουσα τοποθεσία | Barcode | Αριθμός εισαγωγής | Ημερομηνία απόκτησης | Ταξιθετικό σύμβολο | Αριθμός αντιτύπου | Κατάσταση απόσυρσης | Κατάσταση χαμένου | Κατάσταση κατεστραμμένου | Μη δανεισμός | Σύνολο δανεισμών | Ημερομηνία τελευταίας εμφάνισης | Η τιμή ισχύει από |
|---|---|---|---|---|---|---|---|---|---|---|---|---|---|---|
| Books | MC Athens Campus Library | MC Athens Campus Library | 9780000008435 | 1489 | 05/06/2025 | 658.15 FRE | 1 | 05/06/2025 | 05/06/2025 |